000 01225nam a22003017a 4500
005 20240530110415.0
008 150304s2002 su o g 000 0 ara d
017 _a3593/23
_bالسعودية . مكتبة الملك فهد
020 _a8489730903
040 _aEG-CaGPL
041 0 _aara
082 0 4 _221
_a355.8\
_bم أ
100 1 _aاس ، دارا اديشونز ليما
_qدارا اديشونز ليمد اس
245 1 2 _aالمدمرات والفرقاطات والطرادات والمدفعية البحرية /
_cتاليف دارا اديشونز ليما اس ؛ تعريب محمد صالحى ؛ سعيد سبيعة
250 _aط1
260 _aالسعودية :
_bمكتبة العبيكان ؛
_c2002
300 _a95 ص :
_bصور لو ؛
_c32 سم
490 0 _aالاسلحة والامداد ،
_x9960402037
650 0 4 _aالمدمرات
650 0 4 _aالمعدات العسكرية
650 0 4 _aالاسلحة
650 0 4 _aاجهزة التجسس الالكترونية
650 0 4 _aالرادار
700 0 _aمحمد صالحى
_eمترجم
700 0 _aسعيد سبيعة
_eمترجم مشارك
942 _2ddc
_cBK
999 _c60547
_d60547